00944nam a2200277 4500003000400000005001700004008004100021020001500062040001800077041000800095050001500103100003400118245011500152264005300267300003500320336002200355337002400377338002400401490004300425500003000468650004100498650005300539700004200592942001500634999001700649OSt20260530115256.0260507b1975 mx a|||| |||| 00| 0 spa d a923301245X aICIbspacICI aspa aNA702bS421 aSegre, Roberto,eautor93048810aAmérica Latina en su arquitectura /crelator, Roberto Segre ; edición al cuidado de Alejandra Gómez Lara 1aMéxico :aParis :bUNESCO ; bSiglo XXI,c1975 a317 páginas :bilustraciones atexto2rdacontent asin medio2rdamedia avolumen2rdacarrier0 aSerie "América Latina en su cultura" aReimpresiones: (2a, 1978) 4aArquitecturazAmérica Latina96736 4aArquitectura y sociedadzAmérica Latina9304891 aGomez Lara, Alejandra,eeditor930490 2lcccBKn1 c12603d12603